Hungary Extension of Growth Indexes to 1967

Guardado en:
Detalles Bibliográficos
Autor principal: Bandor, Frank
Otros Autores: Czirjak, Laszlo, Pall, George
Formato: Libro
Lenguaje:inglés
Publicado: New York Economic Studies Riverside Research Institute 1970
Edición:1. ed.
Colección:Occasional Papers of the Research Project on National Income in East Central Europe 33
Materias:
Etiquetas: Agregar Etiqueta
Sin Etiquetas, Sea el primero en etiquetar este registro!

MARC

LEADER 00000nam a2200000 4500
001 c013341
005 20230227132714.3
041 0 |a eng 
044 |a US 
245 1 0 |a Hungary  |b Extension of Growth Indexes to 1967  |c Frank Bandor, Laszlo Czirjak, George Pall 
250 |a 1. ed. 
264 1 |a New York  |b Economic Studies Riverside Research Institute  |c 1970 
300 |a 58 s. 
490 1 |a Occasional Papers of the Research Project on National Income in East Central Europe  |v 33 
830 0 |a Occasional Papers of the Research Project on National Income in East Central Europe  |v 33 
610 2 0 |a rast hospodársky 
610 2 0 |a indexy 
610 2 0 |a údaje štatistické 
610 2 0 |a štatistika 
610 2 0 |a MĽR 
610 2 0 |a 1962-1967 
100 1 |a Bandor, Frank 
700 1 |a Czirjak, Laszlo 
700 1 |a Pall, George